| 000 | 01207nam a2200277 a 4500 | ||
|---|---|---|---|
| 001 | 000014906 | ||
| 003 | DO-SdBNP | ||
| 005 | 20240412074242.0 | ||
| 007 | ta | ||
| 008 | 100127t2005 dr 001 0dspa d | ||
| 040 |
_aDO-SdBNP _bspa _cBNPHU |
||
| 082 | 4 |
_a808.882 _bG633r _222 |
|
| 100 | 1 |
_aGómez Ramírez, José Miguel, _d1948 - _933753 |
|
| 245 | 1 | 0 |
_aRasgos anecdóticos / _cJosé Miguel Gómez Ramírez ; prólogo Isidra Mejías de la Rocha. |
| 260 |
_aSanto Domingo : _bLozano, _c2005. |
||
| 300 |
_a368 p. ; _c22 cm. |
||
| 500 | _aIncluye datos biográficos del autor en la contracubierta. | ||
| 505 | 2 |
_aPrólogo -- _rIsidra Mejías de la Rocha -- _tArtistas -- _tEscritores -- _tCientíficos -- _tLíderes -- _tToque femenino -- _tMilitares -- _tLado oscuro -- _tAromas alcohólicos -- _tEclesiales -- _tPeculiaridades -- _tNaturaleza -- _tViajeros -- _tDivinos -- _tVivencias -- _tOtros. |
|
| 590 | _aInventariado, 2018/ YL | ||
| 650 | 4 |
_aPersonajes famosos _xAnécdotas, chístes y sátiras _933755 |
|
| 650 | 4 |
_aAnécdotas _921242 |
|
| 650 | 0 |
_aLiteratura dominicana. _967 |
|
| 700 | 1 |
_aMejías de la Rocha, Isidra, _eprólogo _933756 |
|
| 910 | _aValidado. Control de calidad EMS. | ||
| 942 |
_2ddc _cLBS1 |
||
| 999 |
_c14486 _d14486 |
||